SEVENTEEN 2 minus 1 word by word - Statistics

General Stats
  • This quiz has been taken 880 times
  • The average score is 306 of 384
Answer Stats
Answer % Correct
I
97%
on
96%
minus
95%
two
95%
Two
95%
you
94%
one
93%
can
89%
my
88%
so
88%
to
88%
doing
87%
I'm
87%
fine
86%
the
85%
go
84%
be
82%
can't
82%
Can't
82%
'cause
82%
'Cause
82%
yeah
82%
see
81%
this
81%
all
80%
All
80%
get
80%
Hope
80%
hope
80%
in
80%
me
80%
myself
80%
of
80%
out
80%
your
80%
head
79%
listen
79%
no
79%
and
78%
And
78%
lonely
78%
Lonely
78%
song
78%
We
78%
we
78%
without
77%
baby
76%
right
76%
when
76%
any
75%
don't
75%
Don't
75%
good
75%
great
75%
just
75%
need
75%
really
75%
time
75%
How
74%
am
73%
anymore
73%
know
73%
not
73%
world
73%
mind
72%
you're
71%
day
70%
used
70%
that
68%
drink
67%
feel
67%
night
67%
What's
67%
best
66%
Gotta
66%
Love
66%
love
66%
friends
65%
why
65%
But
63%
is
63%
it
63%
off
62%
super
62%
were
62%
much
61%
perfume
61%
around
60%
still
60%
remember
58%
smell
58%
matter
57%
wear
57%
yourself
57%
moved
56%
said
56%
think
56%
keep
55%
subtraction
55%
Sympathy
55%
thought
55%
anything
54%
at
54%
clothes
54%
didn't
54%
Didn't
54%
alike
53%
blinding
53%
feed
53%
everytime
52%
had
52%
erase
51%
someone
51%
cents
50%
feelings
50%
other
50%
Guess
49%
Well
48%
worth
41%
ayaya
13%
No matching quizzes found
Score Distribution
Percent of People with Each Score
Percentile by Number Answered
Your Score History
You have not taken this quiz